Hodnotenie dopadu fiškálnej decentralizácie na miestne rozpočty SR

Proces fiškálnej decentralizácie na Slovensku zameraný na kvantifikáciu finančnej autonómie miest a obcí SR. Fiškálna decentralizácia a etapy fiškálnej decentralizácie v SR. Ciele fiškálnej decentralizácie. Vývoj finančnej autonómie miest a obcí SR za obdobie rokov 2000 - 2008.

Guardado en:
Detalles Bibliográficos
Autor principal: Horváthová, Lenka
Formato: Capítulo de libro
Lenguaje:eslovaco
Materias:
Etiquetas: Agregar Etiqueta
Sin Etiquetas, Sea el primero en etiquetar este registro!

MARC

LEADER 00000nla$a2200000$$$4500
001 0110883
005 20220905103530.0
041 0 |a slo 
044 |a SK 
245 1 0 |a Hodnotenie dopadu fiškálnej decentralizácie na miestne rozpočty SR  |c Lenka Horváthová 
520 |a Proces fiškálnej decentralizácie na Slovensku zameraný na kvantifikáciu finančnej autonómie miest a obcí SR. Fiškálna decentralizácia a etapy fiškálnej decentralizácie v SR. Ciele fiškálnej decentralizácie. Vývoj finančnej autonómie miest a obcí SR za obdobie rokov 2000 - 2008. 
610 2 0 |a decentralizácia 
610 2 0 |a reformy štruktúrne 
610 2 0 |a samospráva 
610 2 0 |a pravidlá rozpočtové 
610 2 0 |a Slovensko 
610 2 0 |a mestá 
610 2 0 |a obce 
100 1 |a Horváthová, Lenka